00933nam a2200205 a 450000100100000000500170001000800410002704000250006810000350009324501290012826000720025730000210032949000400035050400730039050400340046371000610049783000470055895201050060599900170071000003963020201002033641.0130712s2000 sp ac 000 0 spa d aDO-SdBNPbspacBNPHU1 aCornago Bernal, Óscar96581010aDiscurso teórico y puesta en escena en los años sesenta :bla encrucijada de los "realismos". /cÓscar Cornago Bernal. aMadrid :bConsejo Superior de Investigaciones Científicas,c2000. a677 p. ;c26 cm.1 aAnejos de revista de literaturav50 aIncluye referencias bibliográficas y notas al pie de las páginas aBibliografía : p. 647 - 6772 aConsejo Superior de Investigaciones Científicas,94786 0aAnejos de revista de literaturav50915426 001050718MOaGRbGRcCTd2013-07-12iLF1l0o p39630-10r2020-06-25w2020-06-25y1ZNo se presta c39120d39120